[Event "FIDE World Cup"]
[Site "Khanty-Mansiysk"]
[Date "2005.11.29"]
[Round "1.4"]
[White "Carlsen, Magnus"]
[Black "Azmaiparashvili, Zurab"]
[Result "1-0"]
[WhiteElo "2570"]
[BlackElo "2658"]
[PlyCount "67"]
[EventDate "2005.11.27"]
[EventType "k.o."]
[EventRounds "7"]
[EventCountry "RUS"]
[SourceTitle "CBM 111"]
[Source "ChessBase"]
[SourceDate "2006.04.04"]
[SourceVersion "1"]
[SourceVersionDate "2006.04.04"]
[SourceQuality "1"]

1. d4 d6 2. e4 g6 3. Nc3 Bg7 4. f4 a6 5. Nf3 b5 6. Bd3 Nd7 7. Be3 c5 8. dxc5 Nxc5 9. Bxc5 dxc5 10. e5 Ra7 $146 ({RR} 10... Bb7 11. Be4 Qxd1+ 12. Rxd1 Bxe4 13. Nxe4 Rc8 14. Rd5 c4 15. Ke2 Nh6 16. Rhd1 O-O 17. Rd7 Rfe8 18. Ra7 Rc6 19. Rdd7 Bf8 20. Nd4 Rb6 21. Nc3 Nf5 22. Nxf5 gxf5 23. Nd5 Rh6 24. h3 Rg6 25. Kf3 {Heberla,B (2569)-Kuraszkiewicz,M (2317) Warsaw 2006 1-0 (45)}) ({RR} 10... Bb7 11. Qe2 Nh6 12. O-O-O Qa5 13. Be4 Bxe4 14. Qxe4 O-O 15. Kb1 Nf5 16. g4 Nd4 17. Nxd4 cxd4 18. Nd5 e6 19. Ne7+ Kh8 20. Nc6 Qc7 21. Nxd4 Rfc8 22. h4 Qc4 23. h5 Kg8 24. hxg6 hxg6 25. f5 {Otero Marino,A (2250)-Krivenko,D (2254) chess.com INT 2024 1-0}) ({RR} 10... Bb7 11. Qe2 Nh6 12. a4 bxa4 13. Be4 Bxe4 14. Qxe4 O-O 15. Rxa4 Qb6 16. Nd5 Qxb2 17. Nxe7+ Kh8 18. O-O Rae8 19. Nd5 f6 20. c3 fxe5 21. Rb1 {1-0 (21) Bellin,R (2388)-Goater,K (2168) Guernsey 2009}) 11. Qe2 Nh6 12. a4 Qa5 13. O-O b4 14. Ne4 O-O 15. Qf2 Rc7 16. Nfd2 Be6 17. Nc4 Bxc4 18. Bxc4 Nf5 19. Rfd1 Qb6 20. c3 h5 21. a5 Qc6 22. Qe2 Rb8 23. Bd5 Qb5 24. Bc4 Qc6 25. Bd5 Qe8 26. Bc4 Bh6 27. g3 Rd8 28. Bxa6 Rxd1+ 29. Rxd1 Qa4 30. Bc4 Qxa5 31. e6 fxe6 32. Nf6+ Kh8 33. Rd8+ Kg7 34. Rg8+ 1-0

[Event "FIDE World Cup"]
[Site "Khanty-Mansiysk"]
[Date "2005.12.03"]
[Round "3.1"]
[White "Cheparinov, Ivan"]
[Black "Carlsen, Magnus"]
[Result "0-1"]
[WhiteElo "2618"]
[BlackElo "2570"]
[PlyCount "170"]
[EventDate "2005.11.27"]
[EventType "k.o."]
[EventRounds "7"]
[EventCountry "RUS"]
[SourceTitle "CBM 111"]
[Source "ChessBase"]
[SourceDate "2006.04.04"]
[SourceVersion "1"]
[SourceVersionDate "2006.04.04"]
[SourceQuality "1"]

1. d4 Nf6 2. c4 e6 3. Nf3 b6 4. g3 Ba6 5. b3 b5 6. Nbd2 Bb4 7. Bg2 bxc4 8. bxc4 Bxc4 9. Rb1 Nc6 10. Rxb4 Bxe2 11. Qxe2 Nxb4 12. Nc4 O-O $146 ({RR} 12... Nbd5 13. O-O d6 14. Ng5 Qd7 15. h4 O-O 16. Ne3 Rab8 17. Nxd5 exd5 18. Qc2 h6 19. Nh3 Rb4 20. Nf4 c6 21. Bh3 Qb7 22. Be3 Rb8 23. Qf5 Rb1 24. Nh5 Nxh5 25. Qxh5 Qa6 26. Rxb1 Rxb1+ 27. Kh2 {Vasilev,M (2429)-Miroshnichenko,E (2616) Istanbul 2006 ½-½ (81)}) 13. O-O Rb8 14. Nfe5 d6 15. Nc6 Nxc6 16. Bxc6 Qc8 17. a4 Nd5 18. Ne3 Nb4 19. Bg2 Qa6 20. Qd1 Qd3 21. Bf3 d5 22. Ng4 Qxd1 23. Rxd1 Nc6 24. Ba3 Rfc8 25. Be2 Rb3 26. Bc5 a5 27. Bb5 Nb4 28. Bd7 Rd8 29. Ne5 Nd3 30. Rxd3 Rxd3 31. Nxd3 Rxd7 32. Kf1 Rd8 33. Ke2 f6 34. Kd2 Kf7 35. Kc2 h5 36. Ba3 h4 37. g4 h3 38. Bb2 Ke7 39. Nc5 Ra8 40. Bc3 Kd6 41. Bxa5 e5 42. Bb4 exd4 43. Kd3 Kc6 44. Kxd4 Re8 45. Kd3 g6 46. Nb3 Re4 47. Nd4+ Kb6 48. f3 Re8 49. Nb3 Ra8 50. Nc5 Kc6 51. Kd4 Re8 52. Kd3 d4 53. Nb3 Kd5 54. Nxd4 c5 55. Nb5 Kc6 56. Bd2 Ra8 57. Nc3 Rd8+ 58. Kc2 c4 59. Ne2 Rd3 60. Bc3 Kb7 61. Nd4 Ka6 62. a5 f5 63. g5 f4 64. Kb2 Rd1 65. Ka3 Rh1 66. Bd2 Rxh2 67. Bxf4 Rd2 68. Nc6 Rd3+ 69. Ka4 Rxf3 70. Nb4+ Ka7 71. Be5 Rf5 72. Bd6 Rxg5 73. Nc6+ Kb7 74. Nd8+ Ka6 75. Ne6 Rxa5+ 76. Kb4 Ra2 77. Kxc4 h2 78. Bxh2 Rxh2 79. Kd5 Rf2 80. Ke5 Rf1 81. Nf4 g5 82. Nh5 g4 83. Ke4 Kb5 84. Ng3 Rf2 85. Nh1 Rf3 0-1

[Event "FIDE World Cup"]
[Site "Khanty-Mansiysk"]
[Date "2005.12.04"]
[Round "3.2"]
[White "Carlsen, Magnus"]
[Black "Cheparinov, Ivan"]
[Result "0-1"]
[WhiteElo "2570"]
[BlackElo "2618"]
[Annotator "Postny,Evgeny"]
[PlyCount "82"]
[EventDate "2005.11.27"]
[EventType "k.o."]
[EventRounds "7"]
[EventCountry "RUS"]
[SourceTitle "CBM 111"]
[Source "ChessBase"]
[SourceDate "2006.04.04"]
[SourceVersion "1"]
[SourceVersionDate "2006.04.04"]
[SourceQuality "1"]

1. d4 {Alterman,Boris} Nf6 2. Nf3 c5 3. d5 b5 {This is an aggressive and risky line. Black is trying to grab space on the queenside from the very beginning at the price of delaying the natural development.} ({The next day on tiebreak Cheparinov chose more solid setup, but failed:} 3... d6 4. Nc3 g6 5. e4 Bg7 6. Be2 O-O 7. O-O Na6 8. Nd2 Nc7 9. a4 b6 10. Nc4 Ba6 11. Bf4 Bxc4 12. Bxc4 a6 13. Qe2 Nd7 14. Ra3 $14 {1-0 Carlsen,M (2570)-Cheparinov,I (2618)/Khanty Mansiysk 2005/CBM 111_01 (30)}) 4. Bg5 Ne4 5. Bh4 ({Not so promising for white:} 5. Qd3 $6 Nxg5 6. Nxg5 e6 7. Qd2 Be7 8. Nf3 exd5 9. Qxd5 Nc6 $132 {½-½ Ehlvest,J (2605)-Van Wely,L (2680)/Liepaya 2004/CBM 103_01 [Postny,E] (27)}) ({Another playable bishop's retreat I played by myself:} 5. Bf4 {1-0 Postny,E (2556)-Abergel,T (2456)/Warsaw 2005/CBM 108_01 (23)}) 5... Bb7 {This variation was played several times by Topalov few years ago. Obviously, Cheparinov was familiar with those games.} 6. e3 ({Very sharp and double-edged is:} 6. Qd3 f5 7. Nbd2 c4 8. Qd4 Na6 9. c3 ({RR} 9. Nxe4 fxe4 10. Qxe4 Nb4 11. Rd1 Nxd5 12. c3 ({RR} 12. Rxd5 Qa5+ 13. c3 Qxa2 ({RR} 13... e6 14. Qf4))) 9... Nxd2 10. Qxd2 Qb6 11. O-O-O ({RR} 11. g4 fxg4 12. Ne5 Qd6) 11... g6 12. Qd4 ({RR} 12. Bg3 Bg7) 12... Rg8 ({RR} 12... Qxd4 13. Nxd4 Nc7) 13. e4 Bg7 ({RR} 13... Bh6+ 14. Bg5 Qxd4 15. Rxd4 Bxg5+ ({RR} 15... fxe4 16. Bxh6 exf3 17. gxf3) 16. Nxg5 h6 17. Nh3 fxe4 18. b3) 14. Qxb6 axb6 15. exf5 gxf5 16. Re1 Nc5 17. Rxe7+ Kf8 18. Nd4 ({RR} 18. Ne5 Bh6+ 19. Kb1 Rg7 20. Rxg7 Bxg7 21. f4 Bxd5) 18... Rxa2 $13 {0-1 Kramnik,V (2758)-Topalov,V (2702)/Monte Carlo 2000/CBM 076 (33)} {RR} 19. Kb1 Ra5 ({RR} 19... Ra8) 20. Nxf5 Nb3 21. Be2 Ra1+ 22. Kc2 Rxh1 23. Re8+ Kxe8 24. Bh5+ Kf8 25. Be7#) ({RR} 6. Qd3 f5 7. Nbd2 c4 8. Qd4 Na6 9. c3 Nxd2 10. Qxd2 Qb6 11. O-O-O g6 12. Qd4 Rg8 13. e4 Bg7 14. Qxb6 axb6 15. exf5 gxf5 16. Re1 Nc5 17. Rxe7+ Kf8 18. Nd4 Rxa2 19. Nxf5 Bxd5 20. Nd6 ({RR} 20. Kb1 Ra8 21. Nd6 Nb3 22. Kc2 Be6 23. f4) 20... Ra1+ {Kramnik,V (2758)-Topalov,V (2702) Monte Carlo 2000 CBM 076 [Alterman,Boris] 0-1 (33)}) 6... g6 7. c4 {After this move the position is becoming similar to a Benko gambit.} ({More logical is} 7. c3 {building a barrier on the long diagonal against black's dark-squared bishop. For instanse:} Qa5 8. Nbd2 Nxd2 9. Qxd2 Bg7 10. e4 d6 11. Bd3 Nd7 12. O-O a6 13. Rfc1 Rc8 14. h3 Qb6 15. Bf1 Nf6 16. Re1 O-O $11 {1-0 Timman,J (2629)-Topalov,V (2718)/Wijk aan Zee 2001/CBM 081 [Tsesarsky] (38)}) ({RR} 7. c3 Qb6 8. Qd3 f5 9. Nbd2 Nd6 10. e4 Bg7 11. Be2 c4 12. Qc2 fxe4 13. Nxe4 Bxd5 14. Nxd6+ Qxd6 15. O-O Nc6 16. Rad1 Qc5 17. Ng5 Ne5 18. a4 O-O 19. axb5 Qxb5 20. Bg3 e6 21. h4 a5 {Webb,L (2171)-Shyam,N (2473) Escaldes AND 2023 0-1 (41)}) 7... Bg7 8. Nbd2 $146 (8. Qc2 Qa5+ 9. Nbd2 f5 10. Bd3 bxc4 11. Bxe4 fxe4 12. Qxe4 e6 13. Qf4 Bxd5 14. O-O Nc6 15. Nxc4 Bxc4 16. Qxc4 O-O $15 {0-1 Nalivajko,E (2400)-Zubarev,A (2460)/Simferopol 2003/CBM 097 ext (44)}) ({RR} 8. Qc2 Qa5+ 9. Nbd2 f5 10. Bd3 bxc4 11. Bxe4 fxe4 12. Qxe4 e6 13. Qf4 Bxd5 14. O-O Nc6 15. Nxc4 Bxc4 16. Qxc4 O-O 17. Rac1 Rab8 18. Rfd1 Rxf3 19. Rxd7 Rf7 20. Qxe6 Ne5 21. Rd5 Qa4 22. Rxe5 Qxh4 {Nalivajko,E (2400)-Zubarev,A (2460) Simferopol 2003 0-1 (44)}) 8... Qa5 $4 {[%mdl 8192] Looks normal, isn't it?} (8... Nxd2 9. Qxd2 bxc4 10. Bxc4 d6 {is a normal continuation.}) 9. Bd3 $4 {It's rather weird that two young bright tacticians missed the simple 9.b4 move.} (9. b4 $1 Qxb4 (9... cxb4 10. Nxe4 b3+ 11. Ned2 bxa2 (11... Bxa1 12. Qxa1 O-O 13. Bxe7 $18) 12. Nd4 $18) 10. Rb1 Qc3 11. Rb3 $1 Nxd2 (11... Qa5 12. Rxb5 $18) 12. Rxc3 Nxf3+ 13. Qxf3 Bxc3+ 14. Kd1 $18) 9... Nxd2 10. Nxd2 bxc4 11. Bxc4 d6 12. O-O Nd7 {Black avoided an immediate disaster, but still experiencing some problems due to his uncastled king.} 13. Qe2 a6 $6 {Covering the b5 square, but wasting an important tempo.} (13... Nf6 $2 14. Bb5+ $16) (13... Qd8 {looks safer.}) 14. e4 Qc7 15. Rab1 Nb6 {The e7 is now protected. Black is ready to castle.} 16. Bd3 $2 {Too passive.} ({Much more dynamic and troublesome for black would have been:} 16. b4 $1 cxb4 (16... Na4 17. Qe3 O-O 18. bxc5 Nxc5 19. Nb3 Nxb3 20. Rxb3 Qxc4 21. Rxb7 $16) 17. Rfc1 $16) 16... O-O {Now the position is approximately balanced.} 17. b3 e6 $1 {Opening up the centre is black's typical plan in this kind of pawn structure.} 18. dxe6 fxe6 19. f4 Rae8 20. Rbe1 a5 21. Bg3 Bc6 22. Kh1 a4 23. Nf3 {Magnus moves all his pieces towards the black king.} Qb7 $6 {A careless move.} (23... Qe7 $142 {preparing to meet} 24. Ng5 {with} Bf6) 24. Ng5 Bf6 25. Qg4 $1 Qe7 26. e5 ({Another promising continuation is:} 26. Nxh7 $1 Qxh7 27. e5 Bd8 (27... Bh8 28. Bxg6 Qg7 29. f5 exf5 30. Rxf5 Rxf5 31. Qxf5 Re7 32. Rf1 Nd7 33. exd6 Re2 34. Bf7+ $18) (27... Qh5 28. Qxh5 gxh5 29. exf6 axb3 30. axb3 Rxf6 31. Bh4 Rff8 32. Bg6 Ra8 33. Rxe6 Ra2 34. Rg1 $18) 28. Bxg6 Qg7 29. f5 $1 (29. Qh5 Nd5 (29... dxe5 30. fxe5 Rxf1+ 31. Rxf1 Rf8 32. Bh7+ $1 $18) (29... d5 30. f5 exf5 31. e6 d4 32. Be5 Bf6 33. Qxf5 Nd5 34. Rf3 $1 $40) 30. Bxe8 Bxe8 31. Qh3 Rf5 32. exd6 Bd7 $13) 29... exf5 30. Rxf5 Bd7 31. e6 Rxf5 32. Qxf5 Bxe6 33. Qb1 $1 (33. Rxe6 $4 Qa1+) (33. Bxd6 $2 Bh4 $1 34. g3 $140 $2 Qb7+ $19) 33... axb3 34. axb3 Re7 35. Bxd6 Bd5 36. Bxe7 Bxe7 37. Be4 $16) 26... Bxg5 27. fxg5 (27. Qxg5 $2 Qxg5 28. fxg5 Rxf1+ 29. Rxf1 d5) 27... Rxf1+ 28. Rxf1 Qb7 {[%csl Rg2]} 29. Qe2 $2 {The turning point of the game.} (29. Rf6 $1 Bxg2+ 30. Kg1 axb3 31. axb3 (31. Rxe6 $2 Qc8 32. Rxe8+ Qxe8 33. Kxg2 bxa2 34. Bc4+ Kg7 35. Bxa2 Qa8+ 36. Kh3 Qxa2 37. exd6 Qd5 $11) 31... Bh1 (31... Bd5 32. Bxg6 Ra8 33. Qh4 $1 Ra1+ (33... Bh1 34. Bxh7+ Qxh7 35. Qxh7+ Kxh7 36. Kxh1 $18) 34. Be1 Bh1 (34... Qg7 35. Bf7+ Kh8 36. Bxe6 Rxe1+ (36... dxe5 37. Rf7 Rxe1+ 38. Kf2 Qg8 39. g6 Qxg6 40. Rf8+ Kg7 41. Rg8#) (36... Nd7 37. Bxd5 Rxe1+ 38. Qxe1 Nxf6 39. exf6 Qxg5+ 40. Bg2 $18) 37. Qxe1 Qxg5+ 38. Qg3 Qxg3+ 39. hxg3 dxe5 40. Bf5 $18) 35. Bxh7+ Qxh7 36. Rf8+ Kxf8 37. Qxh7 Rxe1+ 38. Kf2 Rxe5 39. g6 $18) 32. Qh3 Be4 (32... Qd5 33. Bb5 Re7 34. exd6 $18) 33. Rxe6 Ra8 34. Rxd6 Bxd3 35. Qe6+ Qf7 36. Qxf7+ Kxf7 37. Rxd3 $16) (29. Kg1 axb3 30. axb3 Bxg2 31. Rf6 {leads to the same position as after 29.f6, but in this case black does not have to take on g2...}) 29... d5 30. h4 c4 $1 {Magnus missed his chance and after this breakthrough black is clearly in possession of an initiative.} 31. bxc4 dxc4 32. Bc2 Nd5 33. Kh2 (33. h5 Ne3 $1 34. Rf2 (34. Qxe3 $2 Bxg2+ 35. Kg1 Bxf1 36. Kxf1 Qh1+ 37. Ke2 Rf8 38. Be1 Qxh5+ 39. Kd2 Rf3 {and black is nearly winning.}) 34... Nxc2 35. Qxc2 Rc8 $1 36. hxg6 c3 $1 $17 {[%csl Gc3]}) ({Deserved attention} 33. Rf2) 33... c3 {[%cal Gc6b5,Gb5f1]} 34. Qf2 $6 {Another unsound manouevre.} (34. Rb1 Qe7 35. Qc4 Rc8 $15) 34... Qe7 35. Qd4 $2 ({Necessary was} 35. Rb1) 35... Rb8 36. Be4 $4 {Blundering a piece. On the other hand, white's position is bad anyway.} (36. Rf2 Rb2 $19) {[%tqu "En","How can Black win material?","","","b8b4","",5]} 36... Rb4 $19 37. Qd3 Bb5 {[%csl Rd3,Rf1]} 38. Qf3 Rxe4 39. Qxe4 Bxf1 40. Qxa4 Bd3 41. Qc6 Kf7 0-1

[Event "FIDE World Cup"]
[Site "Khanty-Mansiysk"]
[Date "2005.12.04"]
[Round "3.3"]
[White "Cheparinov, Ivan"]
[Black "Carlsen, Magnus"]
[Result "0-1"]
[WhiteElo "2618"]
[BlackElo "2570"]
[Annotator "Mueller,Karsten"]
[PlyCount "144"]
[EventDate "2005.11.27"]
[EventType "k.o."]
[EventRounds "7"]
[EventCountry "RUS"]
[SourceTitle "CBM 111"]
[Source "ChessBase"]
[SourceDate "2006.04.04"]
[SourceVersion "1"]
[SourceVersionDate "2006.04.04"]
[SourceQuality "1"]

1. d4 {Ribli,Zoltan} Nf6 2. c4 e6 3. Nf3 d5 4. Nc3 Bb4 5. Bg5 c5 6. cxd5 exd5 7. e3 O-O 8. Qc2 ({RR} 8. Bd3 c4 9. Bc2 Nbd7 10. O-O Qa5 11. Ne5 Bxc3 12. bxc3 Nxe5 13. dxe5 Ne4 14. Be7 Re8 15. Bb4 Qc7 16. Qxd5 Rxe5 17. Qd4 Bf5 18. Rad1 Ree8 19. Qd5 Bg6 20. Bxe4 Bxe4 21. Qd6 Qc8 22. f3 Bd3 {Radjabov,T (2728)-Carlsen,M (2675) Rishon Le Ziyyon 2006 0-1 (52)}) ({RR} 8. dxc5 Nc6 9. Be2 h6 10. Bxf6 Qxf6 11. O-O Rd8 12. Nb1 {½-½ (12) Ostergaard,J (2264)-Csiszar,C (2366) Catez SLO 2024}) ({RR} 8. Bd3 c4 9. Bc2 Be6 10. O-O Bxc3 11. bxc3 Nbd7 12. Ne5 Qa5 13. Nxd7 Nxd7 14. Qd2 Nb6 15. a4 Bd7 16. Be7 Rfe8 17. Bb4 Qa6 18. a5 Nc8 19. f3 Qh6 20. Rfe1 Ne7 21. Qf2 Nc6 22. Bc5 f5 {Schandorff,L (2521)-Carlsen,M (2625) Aalborg 2006 ½-½ (37)}) 8... Be6 $146 ({RR} 8... cxd4 9. Nxd4 Nc6 10. Nxc6 bxc6 11. a3 ({RR} 11. Be2 h6 12. Bh4 g5 13. Bg3 Ne4 14. O-O Nxg3 ({RR} 14... Bxc3 15. bxc3 Bf5 16. Bd3) 15. hxg3 Qf6) 11... Bd6 12. Be2 Be5 13. Rc1 Rb8 14. Na4 h6 15. Bh4 ({RR} 15. Bxf6 Qxf6 16. Qxc6 Be6) 15... Qa5+ 16. Kf1 ({RR} 16. b4 Rxb4 17. axb4 Qxb4+ 18. Kf1 Qxh4) 16... Bf5 17. Qxf5 Qxa4 18. Qxe5 ({RR} 18. Bxf6 Bxf6) 18... Qxh4 19. g3 ({RR} 19. Rxc6 Rbc8 20. Rxc8 Rxc8 21. Bd1 Rc1 22. Ke1 Ne4 23. Rf1 Qd8) 19... Qh3+ 20. Kg1 Rfe8 21. Qd4 Qf5 22. g4 Qd7 23. Bf3 {Kempinski,R (2619)-Gajewski,G (2486) Krakow 2006 CBM 112 [Ribli,Zoltan] 0-1 (42)}) ({RR} 8... b6 9. dxc5 bxc5 10. Bd3 Ba6 11. Bxh7+ Kh8 12. Bd3 Bxd3 13. Qxd3 Qd6 14. a3 Bxc3+ 15. bxc3 Nbd7 16. O-O c4 17. Qc2 Ne5 18. Nxe5 Qxe5 19. Bxf6 Qxf6 20. Rfd1 Rfd8 21. Rd4 Qe6 22. Rh4+ Kg8 23. Qh7+ {Schramm,S-Watkins,J Eisenberg 1993 1-0}) 9. Bd3 h6 10. Bh4 c4 11. Be2 Nbd7 12. O-O Qa5 13. Nd2 Rfe8 14. f3 b5 15. e4 Bf5 16. a4 Bxc3 17. bxc3 b4 18. cxb4 Qxb4 19. Rab1 Qa3 20. Bxc4 Bg6 21. Bb3 Rac8 22. Qd3 Kh7 23. Rfe1 Re6 24. Qe3 Rec6 25. Ra1 Qb4 26. e5 Rc3 27. Qf2 Nh5 28. Bxd5 Rd3 29. Ne4 Nf4 30. Rab1 Qxa4 31. Ra1 Qxd4 32. Qxd4 Rxd4 33. Bb3 Nxe5 34. Bg3 Ned3 35. Bxf4 Nxf4 36. Rxa7 Bxe4 37. fxe4 f6 38. Ra2 Rc3 39. Bd5 Nxd5 40. exd5 Rxd5 41. Rae2 h5 42. g3 Kh6 43. Kg2 Rcd3 44. Rf2 R3d4 45. Re7 h4 46. Re8 Kg6 47. Re3 hxg3 48. hxg3 Kg5 49. Re7 g6 50. Re6 f5 51. Re3 Kg4 52. Ra3 g5 53. Rb3 Re5 54. Ra3 Rde4 55. Rb3 $2 {[%mdl 4096] Die schwarzen Gewinnchancen sind zwar höher als im einfachen Turmendspiel, aber} (55. Kh2 {hätte den Laden noch zusammengehalten, z.B.} Re2 (55... Re8 56. Ra5 Rh8+ 57. Kg2 Rh3 58. Rfxf5 Rxg3+ 59. Kf2 Kh4 60. Rf3 $11) 56. Ra4+ R5e4 57. Rxe2 Rxa4 58. Rb2 Re4 59. Kg2 $11) 55... Re3 56. Rfb2 (56. Rb4+ R5e4 57. Rxe4+ fxe4 $19 {[%cal Ge3g3]}) 56... Rxb3 57. Rxb3 Re2+ 58. Kg1 Ra2 59. Rc3 Kh3 60. Rf3 Ra5 61. Kf1 g4 62. Rb3 Ra2 63. Rb5 (63. Rc3 Rg2 64. Rc5 Rxg3 65. Rxf5 Kh2 66. Rf2+ Kh1 67. Rf4 Rg2 68. Re4 g3 69. Rg4 Rf2+ 70. Ke1 Kh2 $19) 63... Kxg3 64. Rxf5 Ra1+ 65. Ke2 Kg2 66. Rf2+ Kh3 67. Rf8 g3 68. Rh8+ Kg2 69. Re8 Kg1 70. Rg8 g2 71. Rg7 Ra8 72. Rh7 Re8+ (72... Re8+ 73. Kd2 Re5 74. Rh8 Kf2 75. Rf8+ Kg3 76. Rg8+ Kf3 77. Rf8+ Kg4 78. Rg8+ Rg5 $19) 0-1

[Event "FIDE World Cup"]
[Site "Khanty-Mansiysk"]
[Date "2005.12.04"]
[Round "3.4"]
[White "Carlsen, Magnus"]
[Black "Cheparinov, Ivan"]
[Result "1-0"]
[WhiteElo "2570"]
[BlackElo "2618"]
[PlyCount "59"]
[EventDate "2005.11.27"]
[EventType "k.o."]
[EventRounds "7"]
[EventCountry "RUS"]
[SourceTitle "CBM 111"]
[Source "ChessBase"]
[SourceDate "2006.04.04"]
[SourceVersion "1"]
[SourceVersionDate "2006.04.04"]
[SourceQuality "1"]

1. d4 Nf6 2. Nf3 c5 3. d5 d6 4. Nc3 g6 5. e4 Bg7 6. Be2 O-O 7. O-O Na6 8. Nd2 Nc7 9. a4 b6 10. Nc4 Ba6 11. Bf4 Bxc4 ({RR} 11... Rb8 12. b3 Re8 13. Qd2 Bxc4 14. bxc4 e6 15. Bd3 Nh5 16. Bg5 Qd7 17. Ra3 exd5 18. exd5 f5 19. a5 bxa5 20. Rxa5 a6 21. Ne2 Rb6 22. Nc1 Be5 23. Ra3 Qg7 24. g3 Nf6 25. Bh6 Qe7 26. Re1 {Pelletier,Y (2659)-Hickl,J (2605) Switzerland 2003 1-0 (69)}) 12. Bxc4 a6 13. Qe2 $146 ({RR} 13. Re1 Nd7 14. Qd2 Rb8 15. Bh6 b5 16. Bxg7 Kxg7 17. Bf1 Ne5 18. f4 Nc4 19. Bxc4 bxc4 20. Nd1 e6 21. Qc3+ Qf6 22. Qxf6+ Kxf6 23. e5+ Kg7 24. dxe6 Nxe6 25. exd6 Rfd8 26. c3 Nxf4 27. Re4 Nd3 {Bukic,E-Janosevic,D Kraljevo 1967 ½-½ (77)}) ({RR} 13. e5 Nh5 14. exd6 exd6 15. Be3 Re8 16. Re1 Qh4 17. Qd3 Nf4 18. Bxf4 Qxf4 19. Re4 Rxe4 20. Qxe4 Qe5 21. Qxe5 Bxe5 22. Nd1 f5 23. c3 f4 24. f3 Rb8 25. Bd3 Kg7 26. Be4 c4 27. b3 cxb3 {Damjanovic,V (2208)-Ernst,S (2540) Senta 2020 ½-½ (67)}) ({RR} 13. Re1 Nd7 14. Qd2 Re8 15. Bh6 Bh8 16. Bf1 Rb8 17. Nd1 b5 18. axb5 axb5 19. c3 b4 20. Ne3 bxc3 21. bxc3 Rb3 22. Rec1 Qb8 23. Nc4 Ne5 24. Na5 Rb2 25. Qd1 Bg7 26. Bxg7 Kxg7 27. f4 Nd7 {Garcia Gonzales,G (2485)-Larsen,B (2570) New York 1988 1-0 (35)}) 13... Nd7 14. Ra3 Qc8 15. Rb3 Rb8 16. Nb1 Ne5 17. Na3 Re8 18. Bxe5 Bxe5 19. f4 Bg7 20. f5 Qd7 21. Bxa6 Qxa4 22. Bd3 Qd4+ 23. Kh1 gxf5 24. Rxf5 e6 25. dxe6 fxe6 26. Rf1 d5 27. exd5 Rf8 28. Rd1 Qh4 29. d6 Rf2 30. dxc7 1-0

[Event "FIDE World Cup"]
[Site "Khanty-Mansiysk"]
[Date "2005.12.08"]
[Round "4.4"]
[White "Bareev, Evgeny"]
[Black "Carlsen, Magnus"]
[Result "1/2-1/2"]
[WhiteElo "2675"]
[BlackElo "2570"]
[PlyCount "98"]
[EventDate "2005.11.27"]
[EventType "k.o."]
[EventRounds "7"]
[EventCountry "RUS"]
[SourceTitle "CBM 111"]
[Source "ChessBase"]
[SourceDate "2006.04.04"]
[SourceVersion "1"]
[SourceVersionDate "2006.04.04"]
[SourceQuality "1"]

1. d4 Nf6 2. c4 e6 3. Nc3 Bb4 4. Qc2 d5 5. a3 Bxc3+ 6. Qxc3 Ne4 7. Qc2 c5 8. dxc5 Nc6 9. Nf3 Qa5+ 10. Bd2 Qxc5 11. e3 Nxd2 12. Nxd2 d4 ({RR} 12... dxc4 13. Bxc4 O-O 14. Rc1 Rd8 15. O-O Bd7 16. Be2 Qxc2 17. Rxc2 Rac8 18. Rfc1 Ne7 19. Rxc8 Rxc8 20. Rxc8+ Nxc8 21. Kf1 Kf8 22. Ke1 Ke7 23. f4 Bc6 24. g3 f6 25. Bd3 h6 26. Ke2 Nb6 27. Nc4 {So,W (2757)-Carlsen,M (2832) chess.com INT 2024 ½-½ (35)}) ({RR} 12... O-O 13. Bd3 h6 14. cxd5 Qxd5 15. Bh7+ Kh8 16. Be4 Qd6 17. Bxc6 bxc6 18. Ne4 Qd5 19. O-O Rb8 20. b4 a5 21. Rfd1 Qf5 22. bxa5 Qxa5 23. Qc5 Qxc5 24. Nxc5 Rb5 25. Rdc1 e5 26. a4 Ra5 27. Nb3 {Bok,B (2591)-George,K (2301) chess.com INT 2025 1-0 (44)}) 13. b4 Qe7 14. Nf3 dxe3 $146 ({RR} 14... e5 15. Be2 Bg4 16. O-O dxe3 17. fxe3 Rd8 18. h3 Bh5 19. b5 e4 20. bxc6 {½-½ (20) Schandorff,L (2537)-Hammer,J (2494) Borup 2008}) 15. fxe3 a5 16. b5 Nb8 17. c5 Nd7 18. Rc1 Nf6 19. Be2 O-O 20. O-O Bd7 21. a4 Rfc8 22. Ne5 Be8 23. Bf3 Nd5 24. Bxd5 exd5 25. Qc3 Rc7 26. Qd4 Rac8 27. Nd3 f6 28. Rc3 Bg6 29. Rfc1 Bxd3 30. Qxd5+ Kf8 31. Qxd3 Rxc5 32. Rxc5 Rxc5 33. Rxc5 Qxc5 34. Qd8+ Kf7 35. Qxa5 Qxe3+ 36. Kf1 Qf4+ 37. Kg1 h5 38. Qb6 Qe4 39. Kf2 Qh4+ 40. Ke2 Qe4+ 41. Kf2 Kg6 42. a5 Qc2+ 43. Kf1 Qd1+ 44. Kf2 Qd2+ 45. Kf1 Qf4+ 46. Kg1 h4 47. h3 Qe4 48. a6 bxa6 49. bxa6 Qe1+ 1/2-1/2